Central Library OPAC University of Rajshahi

New writers I / (Record no. 22684)

MARC details
000 -LEADER
fixed length control field 00670nam a22002297a 4500
001 - CONTROL NUMBER
control field 22684
003 - CONTROL NUMBER IDENTIFIER
rucl marc code BD-RjUL
005 - DATE AND TIME OF LATEST TRANSACTION
control field 20211209000834.0
008 - FIXED-LENGTH DATA ELEMENTS--GENERAL INFORMATION
fixed length control field 140309s1961 enk||||| |||| 00| 0 eng d
035 ## - SYSTEM CONTROL NUMBER
System control number (BD-RjUL)22749
040 ## - CATALOGING SOURCE
Original cataloging agency BD-RjUL
Language of cataloging eng
Transcribing agency BD-RjUL
Modifying agency BD-RjUL
041 ## - LANGUAGE CODE
Language code of text/sound track or separate title eng
082 00 - DEWEY DECIMAL CLASSIFICATION NUMBER
Classification number 808.8
Author mark and year LAN 1961
100 1# - MAIN ENTRY--PERSONAL NAME
Personal name Lange, Monique,
9 (RLIN) 57370
245 ## - TITLE STATEMENT
Title New writers I /
Statement of responsibility, etc. Monique Lange, Alan Burns and Dino Buzzati.
260 ## - PUBLICATION, DISTRIBUTION, ETC. (IMPRINT)
Place of publication, distribution, etc. London :
Name of publisher, distributor, etc. John calder,
Date of publication, distribution, etc. 1961.
300 ## - PHYSICAL DESCRIPTION
Pagination 187 p. ;
Size 22 cm.
650 #7 - SUBJECT ADDED ENTRY--TOPICAL TERM
Topical term or geographic name as entry element English literature
Form subdivision History and criticism.
9 (RLIN) 69997
700 1# - ADDED ENTRY--PERSONAL NAME
Personal name Burns, Alan,
Personal name Buzzati, Dino ,
942 ## - ADDED ENTRY ELEMENTS (KOHA)
Source of classification or shelving scheme Dewey Decimal Classification
Koha item type Books
Holdings
Lost status Source of classification or shelving scheme Damaged status Not for loan Collection code Permanent Location Current Location Shelving location Date acquired Source of acquisition Cost, normal purchase price Total Checkouts Full call number Date last seen Copy number Koha item type
  Dewey Decimal Classification   Added to bundle Non-fiction Central Library, University of Rajshahi Central Library, University of Rajshahi Reading Room 07/04/1964 Zeitlinger 18.60   808.8 LAN 1961 09/03/2014 C-1 Books